Využitie derivátov glukózy pri príprave amfifilov

Uložené v:
Podrobná bibliografia
Hlavný autor: Gavalovičová, Zuzana (Autor)
Ďalší autori: Bortňák, Dušan (Vedúci práce)
Médium: Rukopis Kniha
Jazyk:Slovak
Vydavateľské údaje: 2025
Predmet:
On-line prístup:http://is.stuba.sk/zp/portal_zp.pl?podrobnosti=178274
Tagy: Pridať tag
Žiadne tagy, Buďte prvý, kto otaguje tento záznam!

MARC

LEADER 00000ntm a22000003a 4500
001 stuzp105217
003 SK-STU
005 20250628212442.1
007 ta
008 150427s2015----xo-----f-mn---000-0-slo-d
040 |a STU  |b slo 
041 0 |a slo 
100 1 |a Gavalovičová, Zuzana  |u 048140  |4 aut  |U FCHPT Ústav organickej chémie, katalýzy a petrochémie  |T FCHPT Oddelenie organickej chémie  |X 117259  |U C8140  |Y 124  |7 117259 
242 0 1 |a Application of Glucose Derivatives in the preparation of amphiphiles  |y eng 
245 1 0 |a Využitie derivátov glukózy pri príprave amfifilov 
260 |c 2025 
650 4 |a glukóza  |2 slo 
650 4 |a tenkovrstvová chromatografia (TLC)  |2 slo 
650 4 |a pyrazoly  |2 slo 
650 4 |a glykozidy  |2 slo 
650 4 |a amfifil  |2 slo 
650 4 |a syntéza  |2 slo 
650 4 |a NMR spektrometria  |2 slo 
650 4 |a glycosides  |2 eng 
650 4 |a glucose  |2 eng 
650 4 |a pyrazoles  |2 eng 
650 4 |a amphiphile  |2 eng 
650 4 |a synthesis  |2 eng 
650 4 |a NMR spectroscopy  |2 eng 
650 4 |a thin-layer chromatography (TLC)  |2 eng 
700 1 |a Bortňák, Dušan  |u 048140  |k Z1  |4 ths  |U FCHPT Ústav organickej chémie, katalýzy a petrochémie  |T FCHPT Oddelenie organickej chémie  |X 42446  |U C8140  |Y 124  |7 42446 
856 4 |u http://is.stuba.sk/zp/portal_zp.pl?podrobnosti=178274